000 00347nam a2200133Ia 4500
008 240624s9999 xx 000 0 und d
041 _aeng
082 _a658.7 SIM
100 _aGATTORNA J L
245 _aMANAGING THE SUPPLY CHAIN A STRATEGIC PE
260 _c1996
_aNew York
_bPalgrave
300 _axvii, : 360 : p. : cm. ; 23
365 _cBPS
_b40
999 _c8985
_d8985